00859cam a2200229 a 450000100100000000500170001000800410002702000150006804000300008308200180011310000350013124500940016626000770026030000210033749000330035850400540039160000750044560000480052065000150056865000130058383000330059600001798920200929165315.0050818s2002 pr b 000 0 spa d a1881715736 aDO-SdBNPbspacDLCdBNPHU a808.3bG216At1 aAquino Pérez, Alexis,d1968-10aTragedia y ficción legal en Crónica de una muerte anunciada /cAlexis Aquino Pérez. a[Puerto Rico] :bFundación Puertorriqueña de las Humanidades,c2002. a102 p. ;c24 cm.1 aDr. Arturo Morales Carrión aIncluye referencias bibliográficas (p. 98-102).14aGARCÍA MÁRQUEZ, GABRIEL,d1928-tCRÓNICA DE UNA MUERTE ANUNCIADA14aARISTÓTELESxCRÍTICA E INTERPRETACIÓN 4aRetórica 4aTragedia 0aDr. Arturo Morales Carrión